000 00302nam a2200121Ia 4500
008 240624s9999 xx 000 0 und d
041 _aeng
082 _a658.3 ENZ
100 _aFITZ ENZ JAC
245 _aPREDICTIVE ANALYTICS FOR HUMAN RESOURCES
260 _c2014
_aNew Delhi
_bWiley
365 _cRS
_b33
999 _c26511
_d26511